Successful parenting : Food and your child

Bibliographic Details
Format: Book
Published: Virginia : Time-Life Books , 1988
Series:Successful Parenting
Subjects:

MARC

LEADER 00000cam a2200000 7i4500
001 0000004543
002 000004898
005 20000330.0
020 |a 0809459450 
090 0 0 |a 649   |b SUC 
245 0 0 |a Successful parenting :   |b Food and your child 
260 |a Virginia :   |b Time-Life Books ,   |c 1988 
300 |a 144p. :   |b ill. ;   |c 25cm. 
490 0 |a Successful Parenting 
500 |a Library has 10 titles 
650 0 0 |a Children   |x Nutrition 
999 |a 015349   |b BUKU   |c PINJAMAN   |e PERPUSTAKAAN KOMUNITI PETALING JAYA